000 00547nam a2200181Ia 4500
008 090123s9999 xx 000 0 und d
082 _b13646
_a891.463/केळक
100 _aकेळकर इंदुमती
245 _aप्रतिशोध
250 _a1
260 _bललित प्रकाशन
300 _a150
600 _aकेळकर इंदुमती
630 _aप्रतिशोध
700 _aकेळकर इंदुमती
730 _aप्रतिशोध
942 _cBOOK
999 _c51709
_d51709